Introduction to fluid mechanism

Podrobná bibliografia
Hlavní autori: Hocko, Marián, 1955- (Autor), Mikula, Branko (Autor), Al-Rabeei, Sammer (Autor)
Médium: Program E-kniha
Jazyk:angličtina
Fyzický popis:1 CD-ROM 12 cm
Vydavateľské údaje: Košice Technical University of Košice 2024
ISBN:9788055347172
Vydanie:Vydanie prvé
Predmet:

MARC

LEADER 00000nam a2200000 4500
001 vtls012282654
003 SK-MaSNL
005 20260301061320.0
007 co bg auuua
008 250911s2024 xo fqnp 000 0 eng
020 |a 9788055347172  |q (elektronická kniha) 
040 |a SNK  |b slo  |c SNK  |e rda 
041 0 |a eng 
044 |a xo  |c SK 
072 7 |2 konspekt 
080 |2 2011 
100 1 |a Hocko, Marián,  |d 1955-  |4 aut  |9 313960 
245 1 0 |a Introduction to fluid mechanism  |c Marián Hocko, Branko Mikula, Samer Al-Rabeei 
250 |a Vydanie prvé 
264 1 |a Košice  |b Technical University of Košice  |c 2024 
300 |a 1 CD-ROM  |c 12 cm 
336 |a text  |b txt  |2 rdacontent 
337 |a počítač  |b c  |2 rdamedia 
338 |a počítačový disk  |b cd  |2 rdacarrier 
347 |a textový súbor  |b PDF  |2 rda 
504 |a Obsahuje bibliografiu 
655 7 |a CD-ROM  |2 SNKPH  |9 70236 
700 1 |a Mikula, Branko  |4 aut  |9 374108 
700 1 |a Al-Rabeei, Sammer  |4 aut  |9 374109 
710 2 |a Technická univerzita v Košiciach.  |b Letecká fakulta.  |b Katedra leteckého inžinierstva  |4 pbl  |9 162354 
919 |a 978-80-553-4717-2 
999 |c 617222  |d 619152 
952 |a SNK  |b SNK  |y NEVYP  |7 1  |p 17A1537388  |o snkSCDM 13852  |i snk2025/14375  |8 0  |0 0  |1 0  |4 0  |d 2025-09-11  |l 0  |r 2026-02-23 16:43:05  |w 2026-02-23